Historiske personer fra tidlig moderne tid (Bilder) - Statistics

General Stats
  • This quiz has been taken 60 times
  • The average score is 8 of 22
Answer Stats
Picture Hint Answer % Correct
Tysker som startet reformasjonen i 1517 Martin Luther
82%
Italiener som oppdaget Amerika for Spania, 1492 Christoffer Columbus
74%
Kongen av England, 1509-47, grunnla den engelske statskirken, 1534 Henry VIII
59%
Kongen av Frankrike, 1643-1715 (eneveldig fra 1661), solkongen Louis XIV
59%
Portugiser som ledet den første jordomseilingen for Spania, 1519-22 Ferdinand Magellan
56%
Engelsk fysiker som forklarte tyngdekraften, "Principia", 1687 Isaac Newton
53%
Spansk conquistador som erobret Aztekerriket, 1519-21 Hernan Cortes
44%
Italiensk fysiker og første astronom med teleskop, fra 1610 Galileo Galilei
41%
Dronningen av England, 1558-1603 Elizabeth I
38%
Fransk protestantisk reformator aktiv i Sveits ca. 1536 Jean Calvin
38%
Spansk konge og tysk-romersk keiser fra Habsburg-dynastiet, 1519-56 Karl V
38%
Polsk astronom som fremmet det heliosentriske verdensbildet, 1543 Nicolaus Copernicus
35%
Svensk konge som kjempet i 30-årskrigen, døde 1632 Gustav II Adolf
26%
Engelsk filosof og politisk tenker, skrev til fordel for parlamentarisk styre, 1689 John Locke
26%
General og republikansk diktator av England, 1653-58 Oliver Cromwell
26%
Osmanerrikets store sultan, 1520-66 Suleiman den store
24%
Tysk astronom som formulerte planetenes bevegelseslover, 1609 Johannes Kepler
21%
Russisk tsar (Romanov-dynastiet), 1682-1725, tok tittelen keiser i 1721 Peter den store
21%
Storfyrste av Moskva som grunnla tsarriket Russland, 1547 Ivan den grusomme
18%
Engelsk filosof og politisk tenker, "Leviathan", 1651 Thomas Hobbes
18%
Spansk konge fra Habsburg-dynastiet, 1556-98 Filip II
12%
Engelsk vitenskapsfilosof som fremmet empirisme, begynnelsen av 1600-tallet Francis Bacon
12%
No matching quizzes found
Score Distribution
Percent of People with Each Score
Percentile by Number Answered
Your Score History
You have not taken this quiz